Návrh a realizácia zabezpečenia objektu rodinného domu
Enregistré dans:
| Auteur principal: | |
|---|---|
| Autres auteurs: | |
| Format: | Manuscrit Livre |
| Langue: | slovaque |
| Publié: |
Bratislava :
STU v Bratislave FEI,
2021
|
| Sujets: | |
| Accès en ligne: | https://opac.crzp.sk/?fn=detailBiblioForm&sid=7E417B54B864B7C45D2AFA4635AB&seo=CRZP-detail-kniha |
| Tags: |
Pas de tags, Soyez le premier à ajouter un tag!
|
MARC
| LEADER | 00000ntm a22000003a 4500 | ||
|---|---|---|---|
| 001 | stuzp81851 | ||
| 003 | SK-STU | ||
| 005 | 20211110135704.4 | ||
| 007 | ta | ||
| 008 | 150427s2015----xo-----f-mn---000-0-slo-d | ||
| 040 | |a STU |b slo | ||
| 041 | 0 | |a slo | |
| 044 | |a xo | ||
| 100 | 1 | |a Ágh, Martin |u 034000 |4 aut |U FEI Fakulta elektrotechniky a informatiky |T FEI Ústav elektrotechniky |X 86911 |U E040 |Y 550 |7 86911 | |
| 242 | 0 | 1 | |a Design and Implementation of Home Security System |y eng |
| 245 | 1 | 0 | |a Návrh a realizácia zabezpečenia objektu rodinného domu |
| 260 | |a Bratislava : |b STU v Bratislave FEI, |c 2021 | ||
| 300 | |a 66 s. | ||
| 650 | 4 | |a Zabezpečovací systém |2 slo | |
| 650 | 4 | |a IoT |2 slo | |
| 650 | 4 | |a Node-Red |2 slo | |
| 650 | 4 | |a Security system |2 eng | |
| 650 | 4 | |a IoT |2 eng | |
| 650 | 4 | |a Node-Red |2 eng | |
| 700 | 1 | |a Halgoš, Ján |u 034000 |k Z2 |4 ths |U FEI Fakulta elektrotechniky a informatiky |T FEI Ústav elektrotechniky |X 90059 |U E040 |Y 550 |7 90059 | |
| 856 | 4 | |u https://opac.crzp.sk/?fn=detailBiblioForm&sid=7E417B54B864B7C45D2AFA4635AB&seo=CRZP-detail-kniha | |